000
00311nam a22001337a 4500
008
170906b xxu||||| |||| 00| 0 eng d
020
_a
9780471744856
041
_a
eng
080
_2
3RD
_a
72
100
_a
41
101
_a
ARK
245
_a
FUNDAMENTALS OF MODERN MANUFACTURING
_c
GROOVER,M.P
942
_2
udc
_c
BK
999
_c
26346
_d
26346